| 000 | 00361nam a2200133Ia 4500 | ||
|---|---|---|---|
| 008 | 240624s9999 xx 000 0 und d | ||
| 041 | _aeng | ||
| 082 | _a025.17 WHI | ||
| 100 | _aWHITTAKER BETH M | ||
| 245 | _aSPECIAL COLLECTIONS 2 0 NEW TECHNOLOGIES | ||
| 260 |
_c2009 _aEngland _bLibraries Unlimited |
||
| 300 | _axxiv, : 150 : p. : cm. ; 23 | ||
| 365 |
_c _b30 |
||
| 999 |
_c26918 _d26918 |
||